000 01033pam a2200289 a 4500
001 4378443
005 20250209113335.0
008 910430s1992 nyua 001 0 eng c
020 _a0895774003
050 0 0 _aRC925
_b.B66 1992
082 0 0 _a616.7
_220
245 0 0 _aBones, muscles, and joints /
_cmedical editor, Charles B. Clayman.
260 _aPleasantville, N.Y. :
_bReader's Digest,
_cc1992.
300 _a144 p. :
_bill. (some col.) ;
_c29 cm.
440 4 _aThe American Medical Association home medical library
500 _aAt head of title: American Medical Association.
500 _aIncludes index.
650 0 _aMusculoskeletal system
_xDiseases
_xPopular works.
650 0 _aMusculoskeletal system
_xPopular works.
650 2 _aBone Diseases
_xpopular works.
650 2 _aJoint Diseases
_xpopular works.
650 2 _aMuscular Diseases
_xpopular works.
650 2 _aMusculoskeletal System
_xpopular works.
700 1 _aClayman, Charles B.
710 2 _aAmerican Medical Association.
942 _2lcc
_cBK
_n0
999 _c3727
_d3727